Relaciones públicas exitosas /
Breve guía sobre relaciones públicas, dividida en cuatro secciones: 1. Comprender las relaciones públicas. 2. Desarrollo de habilidades de relaciones públicas. 3. Trabajo con los medios y 4. Crear publicidad.
Salvato in:
| Autore principale: | |
|---|---|
| Natura: | Libro |
| Lingua: | spagnolo |
| Pubblicazione: |
México :
Grijalbo,
2003, c2003
|
| Serie: | (Biblioteca Esencial del Ejecutivo)
|
| Soggetti: | |
| Tags: |
Nessun Tag, puoi essere il primo ad aggiungerne!!
|
MARC
| LEADER | 00000nam^a2200000^a^4500 | ||
|---|---|---|---|
| 001 | 000153969 | ||
| 005 | 20250521000000.0 | ||
| 009 | 20260310100336.929 | ||
| 020 | |a 970-05-1546-X | ||
| 037 | |a Acervo ITESO - Biblioteca | ||
| 041 | |a ESP | ||
| 082 | |a 659. 2 |b ALI | ||
| 100 | |a Ali, Moi |e (autor) | ||
| 245 | 1 | 0 | |a Relaciones públicas exitosas / |c M. Ali ; tr. por Roberto López Martínez. |
| 264 | 4 | |a México : |b Grijalbo, |c 2003, c2003 | |
| 300 | |a 72 p. | ||
| 336 | |a texto |b txt |2 rdacontenido | ||
| 337 | |a sin mediación |b n |2 rdamedio | ||
| 338 | |a volumen |b nc |2 rdasoporte | ||
| 440 | 1 | |a (Biblioteca Esencial del Ejecutivo) | |
| 500 | |a Traducción de: Effective Public Relations | ||
| 520 | |a Breve guía sobre relaciones públicas, dividida en cuatro secciones: 1. Comprender las relaciones públicas. 2. Desarrollo de habilidades de relaciones públicas. 3. Trabajo con los medios y 4. Crear publicidad. | ||
| 649 | |a XX | ||
| 650 | |a Relaciones Públicas | ||
| 650 | |a Publicidad | ||
| 650 | |a Campañas Publicitarias | ||
| 650 | |a Medios de Comunicación | ||
| 650 | |a Comunicación Masiva | ||
| 650 | |a Comunicación Organizacional | ||
| 650 | |a Promoción del Producto | ||
| 650 | |a Promoción del Servicio | ||
| 650 | |a Mezcla de Mercadotecnia | ||
| 650 | |a Mercadotecnia | ||
| 650 | |a Administración del Producto | ||
| 650 | |a Proceso Administrativo | ||
| 650 | |a Ciencias Administrativas | ||
| 910 | |a Fondo General | ||
| 920 | |a Impresos - Libros | ||
| 930 | |a Colección General | ||
| 905 | |a 101 | ||
| 901 | |a 0500084212 |b IT1 |c ACC |u 20250521 | ||
| 902 | |a https://opac.biblio.iteso.mx/vufind/Record/000153969 | ||